On This Day: July 15th II Quiz Stats

 Plays Quiz Updated Jul 15, 2018

Score 0/7 Timer 03:00
0 Plays Today
Question Answer Wrong Answers
Nearly 356 years after it begun, the Spanish ______ is officially disbanded.
1834
Inquisition
97.6%
Interrogation
0.4%
Inquiry
1.2%
Investigation
0.7%
This film, directed by John McTiernan and starring Bruce Willis and Alan Rickman, is released in the United States.
1988
Die Hard
92.9%
Lethal Weapon
4.6%
Speed
0.6%
Commando
0.9%
The ______ strike of 1959 begins, leading to the first significant importation of the alloy in United States history.
1959
Steel
86.3%
Lumber
0.8%
Coal
7.1%
Oil
5.4%
This American actor, who won an Academy Award for his performance as Ugandan dictator Idi Amin in the 2006 film ‘The Last King of Scotland’, is born.
1961
Forest Whitaker
80.2%
Denzel Washington
8%
Cuba Gooding Jr.
5.2%
Laurence Fishburne
6%
This US President gives his ‘malaise speech’, lamenting that the country had not come together to solve its problems.
1979
Jimmy Carter
74.2%
Ronald Reagan
10.9%
Gerald Ford
8.4%
Richard Nixon
5.7%
George Bradley of the St. Louis Brown Stockings throws the first ‘official’ ______ in major league history.
1876
No-hitter
73.8%
Strikeout
15%
Intentional Walk
4.2%
Knuckleball
6.8%
AOL Time Warner disbands ______. The Mozilla Foundation is established on the same day.
2003
Netscape
57.6%
Mosaic
14.3%
Yahoo!
6.7%
Ask Jeeves
20.4%

You're not logged in!

Compare scores with friends on all Sporcle quizzes.
OR
Log In

Sporcle TV

Today on Sporcle TV


Watch our educational content, quiz creation guides, and fun videos on Sporcle TV.

Show Comments

Extras

Top Quizzes Today


Score Distribution

Your Account Isn't Verified!

In order to create a playlist on Sporcle, you need to verify the email address you used during registration. Go to your Sporcle Settings to finish the process.

Report this User

Report this user for behavior that violates our Community Guidelines.

Details: